“全球火力指数”排名前30的国家(2026) - Statistics

General Stats
  • This quiz has been taken 24 times
  • The average score is 28 of 30
Answer Stats
排名 国家/地区 火力指数 % Correct
1 美国 0.0741
100%
2 俄罗斯 0.0791
100%
3 中国(大陆) 0.0919
100%
4 印度 0.1346
100%
5 韩国 0.1642
100%
6 法国 0.1798
100%
7 日本 0.1876
100%
10 意大利 0.2211
100%
12 德国 0.2463
100%
18 西班牙 0.3247
100%
19 埃及 0.3651
100%
8 英国 0.1881
95%
11 巴西 0.2374
95%
13 印度尼西亚 0.2582
95%
14 巴基斯坦 0.2626
95%
16 伊朗 0.3199
95%
20 乌克兰 0.3691
95%
21 波兰 0.3891
95%
22 越南 0.4066
95%
27 加拿大 0.5269
95%
30 朝鲜 0.5933
95%
23 泰国 0.4458
91%
24 沙特阿拉伯 0.4473
91%
15 以色列 0.2707
86%
9 土耳其 0.1975
82%
17 澳大利亚 0.3208
82%
25 瑞典 0.4834
77%
26 阿尔及利亚 0.4849
68%
29 希腊 0.5484
68%
28 新加坡 0.5272
59%
No matching quizzes found
Score Distribution
Percent of People with Each Score
Percentile by Number Answered
Your Score History
You have not taken this quiz